Atadura y liberación: las religiones de la India
Guardat en:
| Autors principals: | , |
|---|---|
| Format: | Llibre |
| Idioma: | espanyol |
| Publicat: |
Ciudad de México
Centro de Estudios de Asia y Africa
1996
|
| Matèries: | |
| Etiquetes: |
Afegir etiqueta
Sense etiquetes, Sigues el primer a etiquetar aquest registre!
|
MARC
| LEADER | 00000nam a2200000 a 4500 | ||
|---|---|---|---|
| 001 | UCN8027 | ||
| 003 | CL-VaPUC | ||
| 008 | 011026e19960000MX |||||||||||||||||spa|d | ||
| 082 | 0 | 4 | |a 294.50954 |b LOR |2 21 |
| 100 | |a Lorenzen, David N. |e autor |9 464200 | ||
| 700 | 0 | |a Preciado Solís, Benjamín |e author |9 464201 | |
| 245 | 1 | 0 | |a Atadura y liberación: las religiones de la India |
| 300 | |a 201 p | ||
| 942 | |c BK | ||
| 945 | |d 20011026 00:00:00 |a crobeson | ||
| 260 | |a Ciudad de México |b Centro de Estudios de Asia y Africa |c 1996 | ||
| 650 | 0 | |a Hinduismo |9 265212 | |
| 650 | 7 | |a SIJISMO |2 CL-VaPUC |9 464202 | |
| 650 | 7 | |a JAINISMO |2 CL-VaPUC |9 350330 | |
| 650 | 7 | |a BUDISMO |2 CL-VaPUC |9 464203 | |
| 651 | 0 | |a India |9 267804 | |
| 583 | |a last modification |c 20011026 00:00:00 |k Rodrigo Vera | ||
| 999 | |c 298111 |d 298109 | ||
| 952 | |0 0 |1 0 |4 0 |6 294_509540000000000_LOR_1996 |7 0 |8 A |9 353469 |a BIBTEO |b BIBTEO |d 2019-11-21 |i 3736105 |o 294.50954 LOR 1996 |p 3736105 |r 2025-01-17 |w 2019-11-21 |y BK |k ICR | ||